00950nam a2200205Ia 450000500170000000800410001702000360005805000210009410000190011524500700013425000100020426000710021430000230028533700100030833800140031850000910033250502510042365000140067470000560068820231102151448.0121028s9999 xx 000 0 und d a978-0-495-56532-1 0-495-56532-6 aQA152.2 S74 200910aSTEWART, James aCollage algebra c/ James Stewart, Lothar Redlin y Saleem Wastson a5a ed aEstados Unidos de América b: Books/Cole; Cengage Learningc2009 axviii, 702 paginas atexto asin medio aIdioma del libro: Ingles Incluye: answers, índex, photo credits Paginación variada aPreface Prerequisites 1. Equations and inequalities 2. Coordinates and graphs 3. Functions 4. Polynominal and rational functions 5. Exponential and logarthmic functions 6. Systems of equations and inequalities 7. Matrices and determinants 8. Coni aÁlgebra aRedlin, Lothar, coaut. II.Watson, Saleem, coaut.Ì